History by Images - 'R' - Statistics

General Stats
  • This quiz has been taken 69 times
  • The average score is 7 of 16
Answer Stats
Picture Hint Answer % Correct
Ancient Egyptian stone Rosetta Stone
98%
The Lionheart Richard I
92%
Site of an ancient wonder Rhodes
87%
Modern Zimbabwe Rhodesia
80%
Russian Imperial dynasty Romanov
75%
German Composer Richard Wagner
65%
Founded by Ingólfur Arnarson Reykjavík
63%
French philosopher René Descartes
60%
Art style founded by Gustave Courbet Realism
47%
An Egyptian pharaoh Ramesses II
25%
Persian Poet Rumi
18%
Former 'Charlotte Town' Roseau
15%
American essayist Ralph Waldo Emerson
10%
Nazi leader Reinhard Heydrich
5%
English polymath Robert Hooke
3%
8th century Indian dynasty Rashtrakuta
2%
No matching quizzes found
Score Distribution
Percent of People with Each Score
Percentile by Number Answered
Your Score History
You have not taken this quiz